000 00595nam a2200217Ia 4500
003 OSt
005 20220926040750.0
006 a|||||r|||| 00| 0
007 ta
008 220923b |||||||| |||| 00| 0 eng d
037 _cGeneral Book
040 _aRTL
_cRTL
_beng
041 _2eng
_aeng
082 _aX:9588.3.N4, H6
100 _aHarris R W
_957189
245 0 _aNational health insurance in Great Britain 1911-19
260 _c1946
650 _aLabour Economics - Social Insurance
942 _hX:9588.3.N4, H6
_cGB
_2CC
999 _c665631
_d665631